Un siècle de génocides : Des Hereros au Darfour (1904-2004) (notice n° 1925657)
[ vue normale ]
| 000 -LEADER | |
|---|---|
| fixed length control field | 01270cam a2200133 4500500 |
| 005 - DATE AND TIME OF LATEST TRANSACTION | |
| control field | 20260329023228.0 |
| 041 ## - LANGUAGE CODE | |
| Language code of text/sound track or separate title | fre |
| 042 ## - AUTHENTICATION CODE | |
| Authentication code | dc |
| 100 10 - MAIN ENTRY--PERSONAL NAME | |
| Personal name | Bruneteau, Bernard |
| Relator term | author |
| 245 00 - TITLE STATEMENT | |
| Title | Un siècle de génocides : Des Hereros au Darfour (1904-2004) |
| 260 ## - PUBLICATION, DISTRIBUTION, ETC. | |
| Name of publisher, distributor, etc. | Armand Colin,<br/> |
| Date of publication, distribution, etc. | 2016.<br/> |
| 520 ## - SUMMARY, ETC. | |
| Summary, etc. | Le XXe siècle restera celui de l'épouvante. Il a commencé avec l'éradication des Hereros en 1904 et s'est terminé avec les massacres du Darfour en 2004. Entre ces deux moments, le monde aura été le témoin des grands massacres de l'ère stalinienne, de l'immense tragédie de la Shoah, de la disparition d'une partie du peuple cambodgien.Cet essai met en perspective les entreprises exterminatrices les plus marquantes du XXe siècle. Leur histoire montre que le crime de génocide se fonde sur le ciblage stigmatisant d'un groupe à partir de la définition aussi arbitraire que délirante qu'en donne le perpétrateur. Aussi l'auteur s'attache-t-il en permanence à répondre à deux questions : qu'est-ce qui détermine l'intention ultime du génocide ? qu'est-ce qui autorise le génocide à se présenter comme une "solution" ? |
| 856 41 - ELECTRONIC LOCATION AND ACCESS | |
| Uniform Resource Identifier | <a href="https://shs.cairn.info/un-siecle-de-genocides--9782200613105?lang=fr&redirect-ssocas=7080">https://shs.cairn.info/un-siecle-de-genocides--9782200613105?lang=fr&redirect-ssocas=7080</a> |
Pas d'exemplaire disponible.




Réseaux sociaux